Longest Reigning Monarchs in World History - Statistics

General Stats
  • This quiz has been taken 64 times
  • The average score is 5 of 10
Answer Stats
Rank Reign Country Monarch % Correct
#2 1952-2022 United Kingdom Elizabeth II
100%
#5 1643-1715 France Louis XIV
98%
#7 1837-1901 United Kingdom Victoria
93%
#9 1926-1989 Japan Hirohito
84%
#4 1848-1916 Austria Franz Joseph
65%
#1 1946-2016 Thailand Bhumibol
28%
#8 1735-1799 China Qianlong
21%
#10 1900-1982 Eswatini Sobhuza II
12%
#3 615-683 Palenque Pakal I
11%
#6 1895-1959 Johor Ibrahim
2%
No matching quizzes found
Score Distribution
Percent of People with Each Score
Percentile by Number Answered
Your Score History
You have not taken this quiz